000
00249nam a2200097Ia 4500
005
20251222114404.0
008
251222s1900||||xx |||||||||||||| ||spa||
082
_a
DVD0010/F93/2005
245
0
_a
Más allá de la gloria: la reconstrucción:
942
_c
DVD
999
_c
1779
_d
1779